| 000 | 00693nam a22002177a 4500 | ||
|---|---|---|---|
| 001 | 2986 | ||
| 003 | BD-DhBUF | ||
| 005 | 20260131120111.0 | ||
| 008 | 260131b bg ||||| |||| 00| 0 ben d | ||
| 020 | _a0787901253 | ||
| 040 |
_aBD-DhBUF _cBD-DhBUF |
||
| 100 |
_aLondon, Manuel _92389 |
||
| 245 |
_aEmployees, careers, and job creation : _bdeveloping growth -oriented human resource strategies and programs / _cManuel London, |
||
| 260 |
_aSun Francisco: _bJossey- Bass _cC 1995. |
||
| 300 |
_axxvi, 315p. : _c23cm. ; |
||
| 650 |
_aCareer development _9323 |
||
| 650 |
_aDisplaced workers _94319 |
||
| 650 |
_aJob creation _92471 |
||
| 650 |
_aOccupational retraining _93356 |
||
| 942 |
_2ddc _cBK |
||
| 999 |
_c2986 _d2986 |
||